000 00647nam a22001697a 4500
999 _c13168
_d13168
008 190209b ||||| |||| 00| 0 eng d
082 _22018
_aUT 1182
_bC38
100 _aCayuga, Nestor Jr. P.
_936845
245 _aPerceived reasons of drinking liquor among Students in UMDC /
_cNestor Jr. P. Cayuga, Albert Jones C. Ang, and Dave G. Daya
260 _aDigos City:
_bUMDC
_cNovember 2018.
300 _a51 pages;
_c30 cm.
650 _aCriminal Justice Education
_vCriminology
_xUndergraduate thesis.
_933107
700 _aCayuga, Nestor Jr. P.
_936845
700 _aAng, Albert Jones C.
_936846
700 _aDaya, Dave G.
_936847
942 _2ddc
_cUT